000 01235cam a22003374i 4500
001 17855757
003 ARRUPE
005 20160804092730.0
008 130816s2014 mau b 001 0beng
010 _a 2013030761
020 _a9780674724914 (alk. paper)
040 _aDLC
_beng
_cDLC
_erda
_dDLC
042 _apcc
043 _an-us---
050 0 0 _aLB875.D83
_bA67 2014
082 0 0 _a973.04960730092
_aB
_223
100 1 _aAppiah, Anthony
_912440
245 1 0 _aLines of descent :
_bW. E. B. Du Bois and the emergence of identity /
_cKwame Anthony Appiah.
260 _aLondon
_bHarvard University Press
_c2014
300 _a227 pages ;
_c19 cm.
504 _aIncludes bibliographical references and index.
600 1 0 _aDu Bois, W. E. B.
_q(William Edward Burghardt),
_d1868-1963.
_923222
650 0 _aEducation
_xPhilosophy.
_924601
650 0 _aAfrican Americans
_xEducation
_922512
650 0 _aAfrican American intellectuals.
_924602
650 0 _aIntellectuals
_zUnited States.
_913266
650 0 _aIdentity (Philosophical concept)
_91396
906 _a7
_bcbc
_corignew
_d1
_eecip
_f20
_gy-gencatlg
942 _2lcc
_cMONOGRAPH
999 _c124848
_d124848